Desarrollo de una interfaz para control remoto inalámbrico por RF
Salvato in:
| Autore principale: | |
|---|---|
| Natura: | Libro |
| Pubblicazione: |
[San José, Costa Rica]
2010
|
| Soggetti: | |
| Tags: |
Aggiungi Tag
Nessun Tag, puoi essere il primo ad aggiungerne!!
|
MARC
| LEADER | 00000nam a2200000Ia 4500 | ||
|---|---|---|---|
| 003 | 010060 | ||
| 005 | 20240404114522.0 | ||
| 008 | 140114s2010 cr a 000 ||s d | ||
| 040 | |c cru CEDI | ||
| 090 | |a TFG 6230 | ||
| 100 | |a Malavassi Mora, Andrés, 1988- |9 2892 | ||
| 245 | |a Desarrollo de una interfaz para control remoto inalámbrico por RF | ||
| 260 | |a [San José, Costa Rica] |c 2010 | ||
| 500 | |a Proyecto de graduación (bachillerato en ingeniería eléctrica)--Universidad de Costa Rica. Facultad de Ingeniería. Escuela de Ingeniería Eléctrica | ||
| 501 | |a Profesor Guía de IE-0502 Proyecto Eléctrico: M.Sc. Geovanni Delgado | ||
| 650 | |x CONTROL REMOTO |x CONTROL ELECTRONICO |x SISTEMAS DE CONTROL |9 2878 | ||
| 942 | |c TFG |h TFG 6230 |i 010060 |6 TFG_6230_010060000000000 | ||
| 999 | |c 15974 |d 15974 | ||
